Analyzing "The Tell-Tale Heart" of Edgar Allan Poe using a Psychological Approach/ (Record no. 89128)
[ view plain ]
| 000 -LEADER | |
|---|---|
| fixed length control field | 03366nam a22002657a 4500 |
| 003 - CONTROL NUMBER IDENTIFIER | |
| control field | URS |
| 005 - DATE AND TIME OF LATEST TRANSACTION | |
| control field | 20260119140158.0 |
| 008 - FIXED-LENGTH DATA ELEMENTS--GENERAL INFORMATION | |
| fixed length control field | 260119b |||||||| |||| 00| 0 eng d |
| 050 00 - LIBRARY OF CONGRESS CALL NUMBER | |
| Classification number | LG 221. R59 |
| Item number | .D882 2014 |
| 100 1# - MAIN ENTRY--PERSONAL NAME | |
| Personal name | Duhilag, Jopanie E. |
| Relator term | Researcher |
| 245 10 - TITLE STATEMENT | |
| Title | <a href="Analyzing "The Tell-Tale Heart" of Edgar Allan Poe using a Psychological Approach/">Analyzing "The Tell-Tale Heart" of Edgar Allan Poe using a Psychological Approach/</a> |
| Statement of responsibility, etc | Duhilag, Jopanie E. |
| 260 #1 - PUBLICATION, DISTRIBUTION, ETC. (IMPRINT) | |
| Date of publication, distribution, etc | 2023 |
| 300 ## - PHYSICAL DESCRIPTION | |
| Extent | ix, 53 leaves; |
| Other physical details | illustrations |
| Dimensions | 28 cm. |
| 336 ## - CONTENT TYPE | |
| Source | rdacontent |
| Content type term | text |
| 337 ## - MEDIA TYPE | |
| Source | rdamedia |
| Media type term | unmediated |
| 338 ## - CARRIER TYPE | |
| Source | rdacarrier |
| Carrier type term | volume |
| 502 ## - DISSERTATION NOTE | |
| Dissertation note | Undergraduate Thesis |
| Degree type | Bachelor of Secondary Education Major in English |
| Name of granting institution | University of Rizal System, Rodriguez, Rizal |
| Year degree granted | 2023 |
| 520 ## - SUMMARY, ETC. | |
| Summary, etc | The Tell-Tale Heart," published in 1843 by Edgar Allan Poe, was subjected to several interpretations and analyses by critics of its unnamed homodiegetic narrator, who also happened to be the story's main character. The short story is one of Poe's classic themes and genres, which revolves around death and horror and gives a feeling of gothic literature. This research analyzes the main character's behavior, precisely the madman's schizophrenic behavior, throughout his narration in the story through a psychological approach.<br/><br/>The researchers used descriptive design for its qualitative data to analyze the psychological state of the madman in the story gleaned from various theories such as Psychological Criticism, Psychoanalytic Theory, Defense Mechanisms, Rorschach Technique, and Theory of Mind, which aid them in delving into the narrator's psychological state. The researchers utilized common psychological criticism questions that became the basis for analyzing the madman. The<br/>You sent<br/>findings showed that the main character has typical symptoms of schizophrenia, such as anxiety, hallucinations, and delusions, resulting in his false belief in reality.<br/><br/>Furthermore, the tripartite self, such as the id, ego, and superego, influences his judgments and viewpoints on his narrative experiences, leading to the murder of the old man. These results suggest that the madman in "The Tell-Tale Heart suffers from erratic behavior and is influenced by an unbalance judgment of his tripartite self (id, ego, and superego), which is what we usually see in people who have any mental illness. In addition, he lacks a theory of mind throughout describing and undergoing the events between him, the police officers, and the old man in the story.<br/><br/>Probing "The Tell-Tale Heart" provides an in-depth analysis of the madman's mental health, comprehensive psychological theories supporting the criticism, and a clear-cut source for students, teachers, and future researchers. Thus, this study would be a valuable resource for students, teachers, and future researchers interested in exploring the themes and psychological aspects of the story. The analysis would be well-structured and easily comprehended, potentially benefiting a broad audience. Overall, this sentence highlights the importance and value of analyzing the psychological elements of literary works and how they can contribute to the study of literature and human behavior. |
| 650 ## - SUBJECT ADDED ENTRY--TOPICAL TERM | |
| Source of heading or term | Psychological Analysis |
| 690 ## - Local Subject Access Fields (UN SDG) | |
| UN SDG | UN SDG 3: Good health and well-being |
| 700 ## - ADDED ENTRY--PERSONAL NAME | |
| Personal name | Lacson, Jezrille R. |
| Relator term | Researcher |
| 700 ## - ADDED ENTRY--PERSONAL NAME | |
| Personal name | Novicio, Eugenio |
| Relator term | Researcher |
| 700 ## - ADDED ENTRY--PERSONAL NAME | |
| Personal name | Soliguen, Stephen P. |
| Relator term | Adviser |
| 942 ## - ADDED ENTRY ELEMENTS (KOHA) | |
| Source of classification or shelving scheme | Library of Congress Classification |
| Koha item type | Theses and dissertations |
| Withdrawn status | Source of classification or shelving scheme | Damaged status | Not for loan | Home library | Current library | Shelving location | Date acquired | Total Checkouts | Full call number | Barcode | Date last seen | Copy number | Price effective from | Koha item type |
|---|---|---|---|---|---|---|---|---|---|---|---|---|---|---|
| Library of Congress Classification | Not For Loan | Rodriguez College Library | Rodriguez College Library | Undergraduate Theses | 01/19/2026 | LG 221. R59 .D882 2014 | URSROD-UGT-ENG-1602 | 01/19/2026 | 1 | 01/19/2026 | Theses and dissertations |